MARC

LEADER 00000nab a2200000 a 4500
001 vtls000072196
003 SK-MaSNL
005 20260305023400.0
008 111103c1980 xo 0 slo
015 |a SNBRB19rr/mm-uuuuu 
035 |a CL0082297 
040 |a SNKBUCL  |b slo  |c SNKBUCL  |e AACR2 
041 0 |a slo 
044 |a xo  |c SK 
080 |a 82.09:885.4-1(087.5)(048)  |2 1981 
080 |a 885.4-1(087.5)(048)  |2 1981 
100 1 |a Hujík, Viktor,  |d 1940-2006  |4 aut  |9 264739 
245 1 0 |a Redaktorka ML.../inc./  |c Viktor Hujík ; Magda Baloghová, Viera Kardelisová-Hrúzová 
500 |a Pod spoločným názvom Darček pod stromček. 
650 0 7 |a rečňovanky  |2 snkbucl  |9 278360 
650 0 7 |a leporelá  |2 snkbucl  |9 284032 
650 0 7 |a literatúra pre deti a mládež  |2 snkbucl  |9 21893 
655 7 |a články z novín a časopisov  |2 snkbucl  |9 267496 
655 7 |a články z odboru literárna veda a krásna literatúra  |2 snkbucl  |9 770045 
700 1 |a Baloghová, Magda,  |d 1945-  |4 aut  |9 105180 
700 1 |a Kardelisová-Hrúzová, Viera,  |d 1947-  |4 aut  |9 86338 
773 0 |t Ľud  |g Roč. 33, č. 279 (25. 11. 1980), s. 5 
787 0 8 |i Rec.:  |a Baloghová, Magda  |t Kto pomáha mojej mame  |d Bratislava : Mladé letá, 1980 
850 |a Slovenská národná knižnica v Martine  |a MTA001 
852 |a SNK  |b KIS3GCP 
958 |a RK 
958 |a LX 
992 |a RBX 
999 |c 3296552  |d 3298482